000 00802nam a2200253 a 4500
001 53032
003 BD-RjUL
005 20211209075910.0
008 161002s1984 enka b 001 0 eng
020 _a0412253100
035 _a(BD-RjUL)53152
040 _aDLC
_cDLC
_dDLC
_dBD-RjUL
_beng
041 _aeng
082 0 0 _223
_a519.535
_bEVI 1984
100 1 _aEveritt, Brian.
_9158497
245 1 3 _aAn introduction to latent variable models /
_cB.S. Everitt.
260 _aLondon ;
_aNew York :
_bChapman and Hall,
_c1984.
300 _avi, 107 p. :
_bill. ;
_c23 cm.
500 _aIncludes index.
650 0 _aLatent variables.
_9158499
830 _aMonographs on statistics and applied probability
_9158646
942 _2ddc
_cBK
999 _c53032
_d53032